Normal view
MARC view
Entry Topical Term
001 - CONTROL NUMBER
- control field: 7339
003 - CONTROL NUMBER IDENTIFIER
- control field: dpl
005 - DATE AND TIME OF LATEST TRANSACTION
- control field: 20100806104415.0
008 - FIXED-LENGTH DATA ELEMENTS
- fixed length control field: 100806|||a|||||| | ||| d
040 ## - CATALOGING SOURCE
- Original cataloging agency: dpl
- Transcribing agency: dpl
150 ## - HEADING--TOPICAL TERM
- Topical term or geographic name as entry element:
- Topical term following geographic name as entry element: Trade
670 ## - SOURCE DATA FOUND
- Source citation: Work cat.: (dpl)39604: Magesan, R. 7338, World trade organisation, 2008
670 ## - SOURCE DATA FOUND
- Source citation: Work cat.: (dpl)39604: Magesan, R. 7338, World trade organisation, 2008
